-
ROCHE, VICTORIA. F .,ZITO,S. WILLIAM.,LEMKE,THOMAS L. AND WILLIAMS, DAVID A
Entry Personal Name
Number of records used in: 1
001 - CONTROL NUMBER
003 - CONTROL NUMBER IDENTIFIER
005 - DATE AND TIME OF LATEST TRANSACTION
- control field:
20240110122031.0
008 - FIXED-LENGTH DATA ELEMENTS
- fixed length control field:
240110|| aca||aabn | a|a d
040 ## - CATALOGING SOURCE
- Original cataloging agency:
JRU
- Transcribing agency:
JRU
100 ## - HEADING--PERSONAL NAME
- Personal name:
ROCHE, VICTORIA. F .,ZITO,S. WILLIAM.,LEMKE,THOMAS L. AND WILLIAMS, DAVID A
670 ## - SOURCE DATA FOUND
- Source citation:
Work cat.: (JRU)7457: ROCHE, VICTORIA. F .,ZITO,S. WILLIAM.,LEMKE,THOMAS L. AND WILLIAMS, DAVID A., ESSENTIALS OF FOYE'S PRINCIPLES OF MEDICINAL CHEMISTRY , 2017